000 00438nam a2200169Ia 4500
003 GCL
008 140319s9999 xx 000 0 eng d
040 _aGCL /
_cGCL
082 0 4 _a860
_bD P
100 1 _aDEL PASO, FERNANDO
245 1 0 _aPALINURE DE MEXICO /
_cDEL PASO, FERNANDO
260 _a[S.N] :
_bLIBRAIRIE ARTHEME FAYARD ،
_c1985
300 _a628P
650 0 4 _aLITERATURE
650 0 4 _aSPANISH LITERATURE
942 _2ddc
_cBK
999 _c12429
_d12429